00358nam a2200121 a 4500008004100000020001500041050001600056100002000072245007200092260004100164300002200205350000900227080109s0000 ||||||||||||||||| || u a0632025395 aTK 4255 Mil aMiller, Henry A10aElectrical installation practice, book 1crevised by R.D. Puckering aOxfordbBSP Professional Booksc1989 aviii, 128p. : ill a0.00